Ciencias naturales 9 : física /

Guardado en:
Autor Principal: Botto, Juan L.
Otros Autores: Rubinstein, Jorge
Formato: Libro
Publicado: Buenos Aires : A-z, 2000
Edición:5a. ed.
Materias:
Etiquetas: Agregar Etiqueta
Sin Etiquetas, Sea el primero en etiquetar este registro!
LEADER 01347nam a22004215a 4500
001 CEM.cems017946
005 20121218111805.0
008 130507s2000##################000#0#####d
003 CEMS
020 |a 950534435X 
082 0 4 |a 570 
100 1 |a Botto, Juan L. 
245 1 0 |a Ciencias naturales 9 :  |b física /  |c Jorge Rubinstein ; coordinado Por Juan L. Botto 
250 |a 5a. ed. 
260 |a Buenos Aires :  |b A-z,  |c 2000 
300 |a 171 p. 
500 |a Para 3er. Ciclo Egb 
505 0 |a Movimiento -- Dinámica -- Energía mecánica -- El calor y otras formas de energía -- La producción de energía eléctrica -- Las ondas -- El hombre en el espacio 
653 |a Movimiento 
653 |a Aceleración 
653 |a Dinámica 
653 |a Ley de inercia 
653 |a Ley de masa 
653 |a Movimiento rectilíneo 
653 |a Energía mecánica 
653 |a Energía cinética 
653 |a Energía potencial gravitatoria 
653 |a Energía térmica 
653 |a Calor 
653 |a Energía eléctrica 
653 |a Inducción electromagnética 
653 |a Ley de faraday 
653 |a Ondas 
653 |a Ondas de sonido 
653 |a Ondas electromagnéticas 
653 |a Ondas luminosas 
700 1 |a Rubinstein, Jorge 
859 |a CEMS  |b BIB. CEMS - Agricultura  |h 570  |i B659-1a5  |p A1775.12  |t Ej.1  |v 9  |3 9